00387nam a2200145 a 450000500170000000800410001702000180005805000230007610000190009924500400011826000320015830000120019065000220020270000170022420140412111427.0090715s19uu xx 00 eng d a0-439-44535-3 aTR(PS EbTu84 2002 aBerger, Melvin aTurtles /cMelvin and Gilda Berger. aU.S.A :bScholastic,c2002. a1v.unp. aTurtles - habitat aGilda Berger